000
00318nam a22001457a 4500
008
210602b ||||| |||| 00| 0 eng d
020
_a
9780155037694
041
_a
eng
080
_2
9th
_a
7
082
_a
7
100
_a
44
101
_a
ART
245
_a
Art Through the Ages
_c
Richard G. Tansey
942
_2
udc
_c
BK
999
_c
57925
_d
57925